[Event "Oberliga Bayern 1819"]
[Site "Bayern"]
[Date "2018.11.25"]
[Round "3.1"]
[White "Hilverda, Alexander"]
[Black "Kosic, Dragan"]
[Result "1/2-1/2"]
[WhiteElo "2370"]
[BlackElo "2470"]
[PlyCount "75"]
[EventDate "2018.10.21"]
[EventType "team-tourn"]
[EventRounds "9"]
[EventCountry "GER"]
[SourceTitle "EXT 2020"]
[Source "ChessBase"]
[SourceDate "2019.10.17"]
[SourceVersion "1"]
[SourceVersionDate "2019.10.17"]
[SourceQuality "1"]
[WhiteTeam "Erlangen SC"]
[BlackTeam "Muenchen Suedost"]
[WhiteTeamCountry "GER"]
[BlackTeamCountry "GER"]

1. d4 e6 2. c4 Bb4+ 3. Bd2 Bxd2+ 4. Nxd2 Nf6 5. g3 0-0 6. Bg2 d6 7. e3 e5 8. Ne2 Nc6 9. dxe5 dxe5 10. 0-0 Bf5 11. a3 Qd3 12. Nc3 Ne7 13. Nde4 Qxc4 14. Nxf6+ gxf6 15. Bxb7 Rab8 16. Nd5 Nxd5 17. Bxd5 Qg4 18. Qxg4+ Bxg4 19. Rfc1 Rfd8 20. e4 Rxb2 21. Rxc7 Rd7 22. Rxd7 Bxd7 23. Kg2 Rc2 24. Rb1 Rc7 25. Rb8+ Kg7 26. Rb3 f5 27. Kf3 Kf6 28. exf5 Bxf5 29. Be4 Be6 30. Rd3 h6 31. Ke3 Ke7 32. Kd2 f5 33. Bg2 Rc5 34. Rc3 Kd6 35. Rd3+ Ke7 36. Rc3 Kd6 37. Rd3+ Ke7 38. Rc3 1/2-1/2